000 00403nam a2200157Ia 4500
008 221030s9999 xx 000 0 und d
020 _a000992525
041 _aEnglish
082 _a105.23
_bCam
100 _aJ. S. Campbell
245 0 _aPrinciples of Manufacturing Materials & Processes
_cby J. S. Campbell
260 _bTMH
_aNew Delhi
_c1999
300 _a674
650 _aMechanical
942 _cBK
999 _c8224
_d8224